Asymptotic expansions /
Guardado en:
| Autor Principal: | |
|---|---|
| Formato: | Libro |
| Idioma: | English |
| Publicado: |
New York :
Dover,
1956.
|
| Etiquetas: |
Agregar Etiqueta
Sin Etiquetas, Sea el primero en etiquetar este registro!
|
| LEADER | 00712nam a22001935a 4500 | ||
|---|---|---|---|
| 001 | MAT.inmabb002338 | ||
| 008 | 840717s1956####nyu######b####000#0#eng#d | ||
| 005 | 20170612154004.0 | ||
| 245 | 0 | 0 | |a Asymptotic expansions / |c A. Erdélyi. |
| 260 | |a New York : |b Dover, |c 1956. | ||
| 300 | |a vi, 108 p. ; |c 21 cm. | ||
| 500 | |a "An unabridged and unaltered republication of Technical report 3, prepared under contract Nonr-220 (11) for the Office of Naval Research reference No. NR 043-121." | ||
| 504 | |a Incluye referencias bibliográficas. | ||
| 510 | 4 | |a MR, |c 17,1202c | |
| 020 | |a 0486603180 | ||
| 100 | 1 | |a Erdélyi, Arthur. | |
| 084 | |a 41A60 (34Exx) |2 msc2000 | ||
| 010 | |a 56014043 | ||
| 859 | |h 41 |i Er66 |p A-4007 |b BIB. MATEMATICA | ||
